[Event "Novokuznetsk SFO-ch U15"]
[Site "Novokuznetsk"]
[Date "2014.11.07"]
[Round "6"]
[White "Kuular, Khaya"]
[Black "Golenkov, Alexey"]
[Result "1/2-1/2"]
[WhiteElo "700"]
[BlackElo "700"]
[PlyCount "87"]
[EventDate "2014.11.02"]
[EventType "swiss"]
[EventRounds "9"]
[EventCountry "RUS"]
[SourceTitle "CBM 163 Extra"]
[Source "ChessBase"]
[SourceDate "2014.12.23"]
[SourceVersion "1"]
[SourceVersionDate "2014.12.23"]
[SourceQuality "1"]

1. e4 c6 2. Bc4 d5 3. exd5 cxd5 4. Bb3 Bf5 5. Qe2 Nc6 6. Ba4 e6 7. Nf3 Nf6 8. Nd4 Qa5 9. Bxc6+ bxc6 10. Nxf5 Qc5 11. d4 Qb6 12. Nc3 g6 13. Nh6 Bxh6 14. Bxh6 Qxb2 15. 0-0 Qxc3 16. Bg7 Rg8 17. Bxf6 c5 18. Qb5+ Kf8 19. Qb7 Re8 20. Qxa7 cxd4 21. Qxd4 Qxd4 22. Bxd4 e5 23. Bc5+ Kg7 24. a4 Rc8 25. Bd6 Rxc2 26. Bxe5+ f6 27. Bg3 d4 28. a5 Ra8 29. a6 d3 30. a7 d2 31. Bf4 g5 32. Bxd2 Rxd2 33. h3 Rd7 34. Rfb1 Rdxa7 35. Rb7+ Rxb7 36. Rxa8 Kg6 37. g3 h5 38. Ra6 Rb4 39. Kg2 h4 40. g4 Rf4 41. f3 Rb4 42. Ra2 Rb5 43. Rd2 Re5 44. Kf2 1/2-1/2

[Event "Novokuznetsk SFO-ch U15"]
[Site "Novokuznetsk"]
[Date "2014.11.05"]
[Round "4"]
[White "Golenkov, Alexey"]
[Black "Prokhorov, Vladislav"]
[Result "0-1"]
[WhiteElo "700"]
[BlackElo "1748"]
[PlyCount "66"]
[EventDate "2014.11.02"]
[EventType "swiss"]
[EventRounds "9"]
[EventCountry "RUS"]
[SourceTitle "CBM 163 Extra"]
[Source "ChessBase"]
[SourceDate "2014.12.23"]
[SourceVersion "1"]
[SourceVersionDate "2014.12.23"]
[SourceQuality "1"]

1. e4 e6 2. d4 d5 3. exd5 exd5 4. Nf3 Nf6 5. c4 dxc4 6. Bxc4 Be7 7. 0-0 0-0 8. Be3 Bg4 9. Nbd2 Nbd7 10. Qb3 Nb6 11. Ng5 Nxc4 12. Qxc4 Nd5 13. Ngf3 Be6 14. Qe2 Nb6 15. Ne5 f6 16. Nef3 Bg4 17. h3 Bh5 18. Rac1 Nd5 19. Qc4 Kh8 20. Qc2 f5 21. Nc4 Bxf3 22. gxf3 Bd6 23. Ne5 f4 24. Bd2 Bxe5 25. dxe5 Qg5+ 26. Kh2 Qxe5 27. Rfe1 Qh5 28. Qe4 c6 29. Rc5 Rf6 30. Qe2 Rh6 31. Kg1 Rg8 32. Qf1 Qxf3 33. Re2 Rxh3 0-1